| 000 | 00885cam a2200181 4500 | ||
|---|---|---|---|
| 001 | WB3709-30 | ||
| 008 | 000000n2001 000 0 eng u | ||
| 035 | _a(Sirsi) u111226 | ||
| 245 | _aGM crop trial sites published | ||
| 260 | _c2001 | ||
| 490 |
_aDETR News Release _v(107) 28 February 2001, (4) |
||
| 520 | _aThe DETR has published details of the locations of the proposed sites of spring trials of genetically modified oilseed rape and beet. Sowing of the herbicide tolerant rape is expected to begin in mid March with the beet being sown later in the month. Sites for trials of GM maize will be announced in the week beginning 26 March 2001. Full details of the sites are available on the DETR website at http://www.detr.gov.uk. | ||
| 590 | _aWB | ||
| 650 | _aCROP TRIALS | ||
| 650 | _aGENETICALLY MODIFIED CROPS | ||
| 690 | _aRURAL-AGRICULTURE AND FORESTRY | ||
| 942 | _n0 | ||
| 999 |
_c66270 _d66270 |
||